Statistics for Official Languages of Countries in South Asia

Click here to take the quiz!

General Stats

  • This quiz has been taken 47 times
  • The average score is 7 of 8

Answer Stats

CountryAnswer% Correct
IndiaHindi
98%
NepalNepali
93%
PakistanUrdu
93%
BangladeshBengal
91%
AfghanistanPashto
84%
BhutanDzongkha
82%
Sri LankaTamil
77%
MaldivesDhivehi
48%

Score Distribution

Percentile by Number Answered

Percent of People with Each Score

Your Score History

You have not taken this quiz